000 00650nam a2200277Ia 4500
005 20260324135043.0
008 008 260324s9999 xx 000 0 eng d
020 _a9781315063577
037 _aEBOOK
040 _aCRL
040 _beng
040 _cCRL
041 _2eng
041 _aeng
084 _qCRL
100 _aAlec Gilmore
_91199156
245 2 _aA Dictionary of the English Bible and its Origins
260 _bTaylor and Francis
260 _c2001
365 _a
365 _b230
856 _uhttp://www.taylorfrancis.com/books/9781315063577
942 _cEBOOK
999 _c1799849
_d1799849